1161 1022 1192 1517 1712 1897 1214 1338 1208 1444 1076 1166 1614 1172 1627 1461 1346 1101 1208 1925 1382 1813 1715 1688 1209 1127 1998 1284 1523 1309 1738 1938 1252 1623 1658 1380 1369 1636 1344 1007 1455 1840 1430 1064 1580 1102 1143 1401 1079 1857 1572 1777 1430 1024 1737 1328 1168 1645 1291 1550 1082 1188 1693 1621 1615 1510 1714 1126 1700 1918 1183 1628 1413 1949 1983 1575 1152 1289 1354 1618 1387 1154 1414 1244 1432 1551 1407 1966 1452 1524 1414 1499 1863 1411 1699 1184 1156 1187 1620 BCNSPRNW ULIB Ver.6.0+V

เปลี่ยนเป็นภาษาไทย

Change to English
 แสดงรายละเอียดบรรณานุกรม
  กลับหน้าหลัก

Brief Record : Get Marc (ISO 2709) : E-mail record : QR code < ปิดหน้าต่าง
LEADER : 00000nam 2200000uu 4500
001    13399109654
003     ULIB
008    110407s2552||||th 000 0 tha d
020    9741149766
024    9789741149766
060  4 WV100^bจ633G 2552
245 01 Guideline Management for common eye ear nose and thoat diseases^cบรรณาธิการ,จตุรงค์ จงสถิตไพบูลย์ และเพ็นนี สิงหะ
260    สงขลา:^bชานเมืองการพิมพ์, ^c2552
300    240 หน้า:^bภาพประกอบ
650  7 โรคทางตา หู คอ จมูก
650  7 Otorhinolaryngologic
700 0  จตุรงค์ จงสถิตไพบูลย์,^e บรรณาธิการ
700 0  เพ็นนี สิงหะ,^eบรรณาธิการ
945    ^p340^l0^i027134
945    ^p340^l0^i027135
995    เกษร
999 ^a ใช้งานได้ทุกระบบ
รายการนี้ยังไม่มีแท็ก
คุณยังไม่ได้ล็อกอิน คุณสามารถมีกิจกรรมร่วมกับเว็บไซต์ได้ แต่ต้องล็อกอินก่อน ::
  ล็อกอิน

รายการสื่อสารสนเทศ

ลำดับที่ ประเภท เลขเรียก/บาร์โค้ด สถานที่ สถานะ
- ไม่พบข้อมูล -

รายการใกล้เคียง
    หัวเรื่อง [โรคทางตา หู คอ จมูก]
    หัวเรื่อง [Otorhinolaryngologic]

BibComment


ยังไม่เคยถูกคอมเมนท์

คอมเมนท์ทรัพยากรรายการนี้
  คอมเมนท์: Guideline Managem..


 Copyright 2026. Bcnsprnw @Library